000
00283nam a22001217a 4500
008
180315b xxu||||| |||| 00| 0 eng d
041
_a
eng
080
_2
5 ED
_a
78
100
_a
45
101
_a
MUZ
245
_a
A NEW APPROACH TO SIGHT SINGING
_c
BERKOWITZ.S
942
_2
udc
_c
BK
999
_c
45100
_d
45100